000 01133cam a22003617a 4500
003 CHAP
005 20220329142610.0
008 010926s2000 mx a r 00110 spa d
010 _a85489
011 _a86461
020 _a8420529893
035 _a96999
040 _cCHAP
082 0 4 _a612.8
_bP5 2000
100 0 0 _aPinel, John P.J.
_988188
245 1 0 _aBiopsicología
_c/by John P.J. Pinel
250 _a4ed.
260 _aMadrid :
_bPrentice Hall,
_c2001.
300 _a635 p. :
_bilus.
500 _aTrad. de : Biopsychology, 4 ed., 2000
590 _aBATCH-UPD
_b10
_c20130109
_lUCH01
_h2322
590 _aBATCH-UPD
_b10
_c20130110
_lUCH01
_h0823
590 _aBATCH-UPD
_b10
_c20130409
_lUCH01
_h1845
590 _aBATCH-UPD
_b10
_c20130410
_lUCH01
_h0500
590 _aBATCH-UPD
_b10
_c20130914
_lUCH01
_h1838
590 _aCONVERSION
_b10
_c20130109
_lUCH01
_h1347
650 1 4 _aNeurofisiología.
_980947
650 1 4 _aPsicología fisiológica.
_992611
901 _aBK
905 _aAlejandra Carrasco M.
942 _cLIBRO
949 _a612.8 P5 2000
_bBC
_cLIBRO
_d33724002009660
_eLIBRO
_h102287
_i96999
_kI.c/e
_si
_t$ 430.00
999 _c85489
_d85489